000 00425nam a22001457a 4500
020 _a97892791046460
080 _a631.6= 20 Et 37
245 _aEthics of modern developments in agricultural technologies
260 _aBrussels
_bEuropean Communities
_c2009
300 _a105 P.
490 _aOpinion Nª 24
650 _xtecnología
_xagricultura
_xcambio climático
_xmedio ambiente
945 _acd
_d2016-08-19
999 _c4402
_d234906
942 _6_